00383nam a2200121Ia 4500008004000000020001800040082001600058100001500074245003800089260008100127300001100208650004200219210210b2000 xxu||||| |||| 00| 0 eng d a81 7273 028 4 a302.23 RAIC aRAI (A N). aCommunication in the digital age. aDelhi.bAuthors Press, National Centre for Development Communication.,c2000 avi,361 aGlobalisation New Views Information